100 Marvel Alter-Egos - Statistics

General Stats
  • This quiz has been taken 130 times
    114 since last reset
  • The average score is 63 of 100
Answer Stats
Hint Answer % Correct
Hank Pym Ant-Man
95%
T’Challa Black Panther
95%
Steve Rogers Captain America
95%
Natasha Romanoff Black Widow
93%
Bruce Banner Hulk
93%
Matt Murdock Daredevil
92%
Clint Barton Hawkeye
92%
Loki Laufeyson Loki
92%
Thor Odinson Thor
92%
Wade Wilson Deadpool
91%
Stephen Strange Doctor Strange
91%
Sam Wilson Falcon
91%
Tony Stark Iron Man
91%
Wanda Maximoff Scarlet Witch
91%
Norman Osborn Green Goblin
88%
Peter Parker Spider-Man
88%
Johnny Storm Human Torch
87%
Reed Richards Mr Fantastic
87%
Bucky Barnes Winter Soldier
87%
Victor von Doom Doctor Doom
86%
Otto Octavius Doctor Octopus
86%
Sue Storm Invisible Woman
86%
Carol Danvers Ms Marvel / Binary / Warbird
86%
Charles Xavier Professor X
86%
Elektra Natchios Elektra
85%
Pietro Maximoff Quicksilver
85%
Jean Grey Phoenix
84%
Eddie Brock Venom
84%
Ben Grimm The Thing
83%
Wilson Fisk Kingpin
80%
Frank Castle Punisher
80%
James Rhodes War Machine
80%
Janet van Dyne Wasp
80%
James Howlett Wolverine
79%
Emil Blonsky Abomination
78%
Erik Lensherr Magneto
76%
Marc Spector Moon Knight
76%
Jennifer Walters She-Hulk
76%
Johnny Blaze Ghost Rider
74%
Quentin Beck Mysterio
74%
Ororo Munroe Storm
74%
Thaddaeus “Thunderbolt” Ross Red Hulk
73%
Curtis Connors Lizard
72%
Kurt Wagner Nightcrawler
71%
Flint Marko Sandman
70%
Blackagar Boltagon Black Bolt
69%
Danny Rand Iron Fist
69%
Raven Darkhölme Mystique
69%
Cletus Kasady Carnage
67%
Piotr Rasputin Colossus
67%
Jessica Drew Spider-Woman
67%
Adrian Toomes Vulture
67%
Max Dillon Electro
66%
Obadiah Stane Iron Monger
66%
Jubilation Lee Jubilee
66%
Johann Schmitt Red Skull
66%
Warren Worthington III Angel
65%
Ivan Vanko Whiplash
64%
Alex Summers Havok
62%
John Walker U.S. Agent
62%
Dane Whitman Black Knight
60%
Nathan Summers Cable
60%
Kitty Pryde Shadowcat
60%
Norrin Radd Silver Surfer
59%
Cain Marko Juggernaut
58%
Gwendolyn Poole Gwenpool
55%
Victor Creed Sabretooth
55%
Rick Jones A-Bomb
53%
Illyana Rasputin Magik
53%
Betty Ross Red She-Hulk
53%
Mac Gargan Scorpion
52%
Uatu The Watcher
52%
Carl Creel Absorbing Man
50%
Alexei Shostakov Red Guardian
50%
Daisy Johnson Quake
49%
Roberto del Costa Sunspot
49%
Nathaniel Richards Kang
44%
Carl Lucas Luke Cage
44%
Aaron Davis Prowler
44%
Betty Braddock Psylocke
42%
Xu Wenwu The Mandarin
42%
Tyrone Johnson Cloak
40%
Patsy Walker Hellcat
40%
Tandy Bowen Dagger
37%
Jessica Jones Jewel
37%
Nathaniel Richards Iron Lad
35%
Herman Schultz Shocker
34%
Shiro Yoshida Sunfire
31%
Rahne Sinclair Wolfsbane
30%
Sam Guthrie Cannonball
29%
Lonnie Lincoln Tombstone
28%
Wendell Vaughn Quasar
24%
John Proudstar Thunderbird
23%
Wanda Wilson Lady Deadpool
17%
Donald Gill Blizzard
13%
Morris Bench Hydro-Man
13%
Nico Minoru Sister Grimm
13%
Eloise Phimister Negasonic Teenage Warhead
12%
Mehemet Faoul Scarlet Scarab
9%
Lincoln Campbell Sparkplug
8%
No matching quizzes found
Score Distribution
Percent of People with Each Score
Percentile by Number Answered
Your Score History
You have not taken this quiz since the last reset